[Event "Gibtelecom Festival 2010 - Masters"]
[Site "Gibraltar ENG"]
[Date "2010.02.01"]
[Round "7.69"]
[White "Arnott, Jonathan W"]
[Black "Frey, Matthias"]
[Result "1/2-1/2"]
[WhiteElo "2154"]
[BlackElo "1907"]
[PlyCount "128"]
[EventDate "2010.01.26"]
[EventType "swiss"]
[EventRounds "10"]
[EventCountry "ENG"]
[Source "lmi"]
[SourceDate "2010.01.26"]

1. e4 e6 2. d4 d5 3. Nc3 Bb4 4. e5 c5 5. a3 Bxc3+ 6. bxc3 Ne7 7. Qg4 Qc7 8.
Qxg7 Rg8 9. Qxh7 cxd4 10. Ne2 Nbc6 11. f4 Bd7 12. Qd3 dxc3 13. Qxc3 O-O-O 14.
Rb1 Kb8 15. Nd4 Nxd4 16. Qxd4 Qxc2 17. Qb4 Qe4+ 18. Qxe4 dxe4 19. Be3 Rc8 20.
Ba6 Rc7 21. Kf2 Rc2+ 22. Be2 Rxg2+ 23. Kxg2 Rxe2+ 24. Bf2 e3 25. Kf3 Rxf2+ 26.
Kxe3 Ra2 27. h4 Rxa3+ 28. Ke2 Bc6 29. Rhg1 Be4 30. Rb4 Bg6 31. Rd4 Bh5+ 32. Kd2
Ra2+ 33. Kc3 Nd5+ 34. Kb3 Rf2 35. Rg8+ Kc7 36. Rc4+ Kb6 37. Rh8 Bd1+ 38. Ka3
Rxf4 39. Rxf4 Nxf4 40. Rh7 Bh5 41. Kb3 a5 42. Kc4 Kc6 43. Rh8 b5+ 44. Kd4 Bg6
45. Ke3 Nh5 46. Ra8 Kb6 47. Rb8+ Kc6 48. Kd4 Ng3 49. Rc8+ Kb7 50. Rh8 b4 51.
Kc4 Bh5 52. Kd3 b3 53. Kc3 a4 54. Rg8 Bg6 55. Rd8 Ne4+ 56. Kb2 Nc5 57. Ka3 Bc2
58. h5 Nd3 59. h6 b2 60. h7 b1=Q 61. Rb8+ Kxb8 62. h8=Q+ Kb7 63. Qc8+ Ka7 64.
Qa6+ Kxa6 1/2-1/2

[Event "Gibtelecom Festival 2010 - Masters"]
[Site "Gibraltar ENG"]
[Date "2010.02.01"]
[Round "7.70"]
[White "Valhondo Morales, Ruben"]
[Black "Nilsen, Joachim Birger"]
[Result "0-1"]
[WhiteElo "1762"]
[BlackElo "2152"]
[PlyCount "78"]
[EventDate "2010.01.26"]
[EventType "swiss"]
[EventRounds "10"]
[EventCountry "ENG"]
[Source "lmi"]
[SourceDate "2010.01.26"]

1. e4 e5 2. Nc3 Nc6 3. g3 Nf6 4. Bg2 Bc5 5. h3 O-O 6. Nge2 d6 7. O-O Be6 8. Na4
Bb6 9. Nxb6 axb6 10. d4 exd4 11. Nxd4 Nxd4 12. Qxd4 Qd7 13. Kh2 Ra4 14. Qe3
Rxe4 15. Qd2 Ra4 16. b3 Ra7 17. Bb2 Ne8 18. f4 f5 19. Rfe1 c6 20. Qe3 Bf7 21.
Qxb6 Ra6 22. Qe3 Ra8 23. Qe7 Rd8 24. a4 Nc7 25. Qg5 Be6 26. c4 Rde8 27. Rad1 d5
28. c5 h6 29. Qh5 Qf7 30. Qf3 Bd7 31. Be5 Na6 32. Qc3 Re6 33. b4 Rfe8 34. b5
Nb8 35. a5 g5 36. Qa1 Rg6 37. a6 bxa6 38. bxa6 gxf4 39. Bxf4 Be6 0-1

[Event "Gibtelecom Festival 2010 - Masters"]
[Site "Gibraltar ENG"]
[Date "2010.02.01"]
[Round "7.71"]
[White "Videnova, Iva"]
[Black "Steinskog, Asbjorn Ottesen"]
[Result "1-0"]
[WhiteElo "2301"]
[BlackElo "1884"]
[PlyCount "79"]
[EventDate "2010.01.26"]
[EventType "swiss"]
[EventRounds "10"]
[EventCountry "ENG"]
[Source "lmi"]
[SourceDate "2010.01.26"]

1. e4 e5 2. Nc3 Nc6 3. g3 Nf6 4. Bg2 Bc5 5. h3 O-O 6. Nge2 d6 7. O-O Be6 8. Na4
Bb6 9. Nxb6 axb6 10. d4 exd4 11. Nxd4 Nxd4 12. Qxd4 Qd7 13. Kh2 Ra4 14. Qe3
Rxe4 15. Qd2 Ra4 16. b3 Ra7 17. Bb2 Ne8 18. f4 f5 19. Rfe1 c6 20. Qe3 Bf7 21.
Qxb6 Ra6 22. Qe3 Ra8 23. Qe7 Rd8 24. a4 Nc7 25. Qg5 Be6 26. c4 Rde8 27. Rad1 d5
28. c5 h6 29. Qh5 Qf7 30. Qf3 Bd7 31. Be5 Na6 32. Qc3 Re6 33. b4 Rfe8 34. b5
Nb8 35. a5 g5 36. Qa1 Rg6 37. a6 bxa6 38. bxa6 gxf4 39. Bxf4 Be6 40. a7 1-0

[Event "Gibtelecom Festival 2010 - Masters"]
[Site "Gibraltar ENG"]
[Date "2010.02.01"]
[Round "7.75"]
[White "Spanton, Tim R"]
[Black "Rioseco Pinochet, Fernan"]
[Result "1/2-1/2"]
[WhiteElo "2035"]
[BlackElo "2226"]
[PlyCount "108"]
[EventDate "2010.01.26"]
[EventType "swiss"]
[EventRounds "10"]
[EventCountry "ENG"]
[Source "lmi"]
[SourceDate "2010.01.26"]

1. e4 Nf6 2. Nc3 d5 3. e5 d4 4. exf6 dxc3 5. fxg7 cxd2+ 6. Qxd2 Qxd2+ 7. Bxd2
Bxg7 8. O-O-O Nc6 9. Nf3 Bg4 10. Be2 O-O-O 11. Be3 e5 12. Rxd8+ Rxd8 13. Rd1 f5
14. Rxd8+ Kxd8 15. Bg5+ Kc8 16. Ng1 Bxe2 17. Nxe2 Kd7 18. Bd2 Ke6 19. c4 Ne7
20. Nc3 c6 21. Be3 b6 22. a4 f4 23. Bd2 Nf5 24. Ne4 h6 25. g3 fxg3 26. hxg3 Bf8
27. Kc2 Nd4+ 28. Kd3 Kf5 29. Be3 Ne6 30. a5 bxa5 31. Bxa7 Bb4 32. Be3 h5 33. b3
Be1 34. Bb6 Bb4 35. Be3 Be1 36. Nd6+ Kf6 37. Ne4+ Kg6 38. Ke2 Bb4 39. Kd3 Kf5
40. f3 Be1 41. Ke2 Bb4 42. Kd3 Be7 43. Ke2 h4 44. gxh4 Bxh4 45. Nd6+ Kg6 46.
Nb7 Bd8 47. Nxd8 Nxd8 48. Bb6 Nb7 49. Ke3 Kf5 50. c5 Kf6 51. Kd3 Kf5 52. Ke3
Kf6 53. Kd3 Kf5 54. Ke3 Kf6 1/2-1/2

[Event "Gibtelecom Festival 2010 - Masters"]
[Site "Gibraltar ENG"]
[Date "2010.02.01"]
[Round "7.76"]
[White "Zanetti, Bruno"]
[Black "Kandic, Milan"]
[Result "0-1"]
[WhiteElo "1978"]
[BlackElo "2216"]
[PlyCount "80"]
[EventDate "2010.01.26"]
[EventType "swiss"]
[EventRounds "10"]
[EventCountry "ENG"]
[Source "lmi"]
[SourceDate "2010.01.26"]

1. d4 d6 2. c4 e5 3. dxe5 dxe5 4. Qxd8+ Kxd8 5. Nf3 f6 6. e4 c6 7. Be2 Kc7 8.
O-O Bc5 9. a3 a5 10. Nc3 Be6 11. Rb1 g5 12. b4 axb4 13. axb4 Be7 14. Be3 Nd7
15. Rfc1 h5 16. Nd5+ Kd8 17. Nxe7 Kxe7 18. c5 h4 19. b5 g4 20. Nd2 f5 21. exf5
Bxf5 22. Ra1 Ngf6 23. Rxa8 Rxa8 24. bxc6 bxc6 25. f3 h3 26. fxg4 Bxg4 27. Bxg4
Nxg4 28. Bg5+ Ngf6 29. gxh3 Rg8 30. h4 Ke6 31. Kf2 Rf8 32. Kg3 Kd5 33. Be3 Rg8+
34. Kf3 e4+ 35. Kf4 Rg4+ 36. Kf5 Rxh4 37. Rd1 Rh5+ 38. Kg6 Ke6 39. Bh6 Ne5+ 40.
Kg7 Ne8+ 0-1

[Event "Gibtelecom Festival 2010 - Masters"]
[Site "Gibraltar ENG"]
[Date "2010.02.01"]
[Round "7.77"]
[White "Martsynovskaya, Marina"]
[Black "Pettersen, Joar Gullestad"]
[Result "1-0"]
[WhiteElo "2184"]
[BlackElo "2020"]
[PlyCount "41"]
[EventDate "2010.01.26"]
[EventType "swiss"]
[EventRounds "10"]
[EventCountry "ENG"]
[Source "lmi"]
[SourceDate "2010.01.26"]

1. e4 c6 2. d4 d5 3. Nc3 dxe4 4. Nxe4 Bf5 5. Ng3 Bg6 6. h4 h6 7. Bd3 Bxd3 8.
Qxd3 e6 9. Nf3 Nd7 10. Bd2 Ngf6 11. Ne4 Be7 12. O-O-O c5 13. Bc3 O-O 14. dxc5
Qc7 15. Nxf6+ Nxf6 16. Ne5 Qxc5 17. Bd4 Qd5 18. c4 Rfc8 19. Kb1 Qe4 20. b3 Kf8
21. Nd7+ 1-0

[Event "Gibtelecom Festival 2010 - Masters"]
[Site "Gibraltar ENG"]
[Date "2010.02.01"]
[Round "7.78"]
[White "Bindrich, Oswald"]
[Black "Young, Mel J"]
[Result "1-0"]
[WhiteElo "2173"]
[BlackElo "1971"]
[PlyCount "65"]
[EventDate "2010.01.26"]
[EventType "swiss"]
[EventRounds "10"]
[EventCountry "ENG"]
[Source "lmi"]
[SourceDate "2010.01.26"]

1. e4 c5 2. Nf3 d6 3. d4 cxd4 4. Nxd4 Nf6 5. Nc3 a6 6. Be2 e5 7. Nb3 Be7 8. Be3
Be6 9. O-O O-O 10. f4 exf4 11. Bxf4 Nc6 12. Kh1 b5 13. Nd4 Nxd4 14. Qxd4 Qc7
15. Rad1 Rfd8 16. Nd5 Bxd5 17. exd5 Qxc2 18. Bf3 Qf5 19. Bg3 Nh5 20. Be1 Bf6
21. Qf2 Qg6 22. Rc1 Be5 23. Qh4 Nf6 24. Bc3 Bxc3 25. Rxc3 Rac8 26. Rc6 Qd3 27.
Rfc1 Qf5 28. Qb4 Rxc6 29. dxc6 d5 30. c7 Rc8 31. Qd6 Ne8 32. Qd8 Kf8 33. Re1
1-0

[Event "Gibtelecom Festival 2010 - Masters"]
[Site "Gibraltar ENG"]
[Date "2010.02.01"]
[Round "7.80"]
[White "Popa-Matei, Viorel-Ovidiu"]
[Black "Matto, Manuel"]
[Result "1-0"]
[WhiteElo "2137"]
[BlackElo "1824"]
[PlyCount "101"]
[EventDate "2010.01.26"]
[EventType "swiss"]
[EventRounds "10"]
[EventCountry "ENG"]
[Source "lmi"]
[SourceDate "2010.01.26"]

1. e4 e6 2. d4 d6 3. Nf3 h6 4. c4 Be7 5. Bd3 Nd7 6. O-O Nf8 7. e5 Nh7 8. Be3
Ng5 9. Nbd2 Bd7 10. Nxg5 hxg5 11. f4 gxf4 12. Bxf4 dxe5 13. Bxe5 Nf6 14. Qf3
Bc6 15. Qf4 Bd6 16. Bxd6 Qxd6 17. Qxd6 cxd6 18. b4 Rh4 19. Nb3 Be4 20. Rad1
O-O-O 21. g3 Rg4 22. Bxe4 Rxe4 23. Rfe1 b6 24. a4 Rxe1+ 25. Rxe1 Rd7 26. Kg2
Rc7 27. Nd2 Kb7 28. Kf3 g6 29. h4 Rc8 30. Rc1 a6 31. Ne4 Nxe4 32. Kxe4 d5+ 33.
Kd3 dxc4+ 34. Rxc4 Rh8 35. Rc1 f5 36. Ke3 Rd8 37. b5 Rd5 38. bxa6+ Kxa6 39. Rc6
e5 40. dxe5 Rxe5+ 41. Kf3 Re4 42. Rxg6 Rxa4 43. h5 Rc4 44. h6 Rc8 45. Kf4 Ka5
46. h7 Rh8 47. Rg7 b5 48. Kxf5 b4 49. Kg6 Ra8 50. Rg8 Ra6+ 51. Kg5 1-0

[Event "Gibtelecom Festival 2010 - Masters"]
[Site "Gibraltar ENG"]
[Date "2010.02.01"]
[Round "7.81"]
[White "Skage, Oystein Aagedal"]
[Black "Vinas Guerrero, Carlos A"]
[Result "1/2-1/2"]
[WhiteElo "1935"]
[BlackElo "2120"]
[PlyCount "91"]
[EventDate "2010.01.26"]
[EventType "swiss"]
[EventRounds "10"]
[EventCountry "ENG"]
[Source "lmi"]
[SourceDate "2010.01.26"]

1. e4 e5 2. Nf3 Nc6 3. Bb5 Nf6 4. O-O Nxe4 5. d4 Be7 6. dxe5 O-O 7. Qe2 Nc5 8.
a3 Ne6 9. Rd1 f6 10. Bc4 Qe8 11. Nc3 fxe5 12. Nb5 Bd8 13. Bg5 d6 14. h4 Kh8 15.
Qe4 a6 16. Nc3 Ned4 17. Nxd4 Nxd4 18. Bd3 Bf5 19. Qxb7 Bxg5 20. hxg5 Qf7 21.
Rd2 Bxd3 22. Rxd3 Qxf2+ 23. Kh2 c6 24. g6 h6 25. Rh3 Qf4+ 26. Kh1 Qg5 27. Ne4
Qxg6 28. Rg3 Qh5+ 29. Rh3 Qg6 30. Rg3 Qh5+ 31. Rh3 Qf7 32. Qxf7 Rxf7 33. Nxd6
Re7 34. c3 Ne6 35. Re1 Ng5 36. Rhe3 Rd8 37. Ne4 Nf7 38. Nc5 a5 39. b4 axb4 40.
cxb4 Rd4 41. Nb3 Rc4 42. Na5 Rc2 43. R1e2 Rc1+ 44. Re1 Rc2 45. R1e2 Rc1+ 46.
Re1 1/2-1/2

[Event "Gibtelecom Festival 2010 - Masters"]
[Site "Gibraltar ENG"]
[Date "2010.02.01"]
[Round "7.83"]
[White "Johnson, Paul A"]
[Black "Schuetze, Norman"]
[Result "1-0"]
[WhiteElo "1904"]
[BlackElo "2269"]
[PlyCount "153"]
[EventDate "2010.01.26"]
[EventType "swiss"]
[EventRounds "10"]
[EventCountry "ENG"]
[Source "lmi"]
[SourceDate "2010.01.26"]

1. d4 Nf6 2. Nf3 g6 3. c4 Bg7 4. Nc3 d5 5. cxd5 Nxd5 6. e4 Nxc3 7. bxc3 c5 8.
h3 O-O 9. Bc4 Nc6 10. Be3 Qa5 11. Qd2 cxd4 12. cxd4 Qxd2+ 13. Kxd2 Rd8 14. Kc3
Bd7 15. Bb3 Rac8 16. Kb2 Na5 17. Rac1 Bc6 18. e5 Nxb3 19. axb3 Rd5 20. Rc3 Rcd8
21. Rhc1 f6 22. Bf4 Kf7 23. Re1 Rb5 24. Rd1 fxe5 25. Ng5+ Kg8 26. Ne6 exd4 27.
Rxc6 bxc6 28. Nxd8 d3+ 29. Ka3 c5 30. Bc7 c4 31. bxc4 Rc5 32. Ne6 Rxc4 33. Rxd3
Bf6 34. Bg3 Kf7 35. Nc7 a5 36. Rf3 Rc5 37. Ka4 e5 38. Nb5 e4 39. Re3 Rc4+ 40.
Kxa5 Bd8+ 41. Ka6 Ra4+ 42. Kb7 Rb4 43. Kc6 Ke6 44. Rc3 Bf6 45. Nc7+ Kf7 46. Rc2
Rb3 47. Nd5 Bg5 48. Re2 Rb1 49. Bf4 Bxf4 50. Nxf4 g5 51. Nd5 Rg1 52. g3 Rh1 53.
Rxe4 Rxh3 54. Rg4 Rh2 55. Rxg5 Rxf2 56. Kd6 Re2 57. Nf4 Re1 58. Rh5 Kg7 59. g4
Re4 60. Rf5 Re1 61. g5 Rd1+ 62. Ke7 Ra1 63. Ne6+ Kg6 64. Rf6+ Kh5 65. Rh6+ Kg4
66. Kf6 Ra7 67. Rh1 Rb7 68. Rc1 Rb2 69. Rc4+ Kg3 70. Kg7 Rb6 71. Kxh7 Rxe6 72.
g6 Re1 73. g7 Rh1+ 74. Kg6 Rg1 75. g8=Q Kf3+ 76. Kf7 Rxg8 77. Kxg8 1-0

[Event "Gibtelecom Festival 2010 - Masters"]
[Site "Gibraltar ENG"]
[Date "2010.02.01"]
[Round "7.84"]
[White "Pereira, Johnharry"]
[Black "Overeem, Marc"]
[Result "0-1"]
[WhiteElo "1892"]
[BlackElo "2245"]
[PlyCount "37"]
[EventDate "2010.01.26"]
[EventType "swiss"]
[EventRounds "10"]
[EventCountry "ENG"]
[Source "lmi"]
[SourceDate "2010.01.26"]

1. d4 Nf6 2. c4 g6 3. Nc3 Bg7 4. e4 O-O 5. e5 Ne8 6. f4 d6 7. Nf3 c5 8. d5 Bg4
9. exd6 Nxd6 10. Bd3 e6 11. h3 Bxf3 12. Qxf3 exd5 13. Nxd5 Re8+ 14. Kf2 Nc6 15.
g3 Nd4 16. Qg4 b5 17. cxb5 c4 18. Bf1 Ne4+ 19. Kg1 0-1

[Event "Gibtelecom Festival 2010 - Masters"]
[Site "Gibraltar ENG"]
[Date "2010.02.01"]
[Round "7.86"]
[White "Jameson, David"]
[Black "Mancini, Giustino"]
[Result "1-0"]
[WhiteElo "2053"]
[BlackElo "1946"]
[PlyCount "67"]
[EventDate "2010.01.26"]
[EventType "swiss"]
[EventRounds "10"]
[EventCountry "ENG"]
[Source "lmi"]
[SourceDate "2010.01.26"]

1. c4 e5 2. Nc3 Nf6 3. g3 c6 4. d4 d6 5. dxe5 dxe5 6. Qxd8+ Kxd8 7. Nf3 Bd6 8.
Bg5 Kc7 9. c5 Bxc5 10. Nxe5 Nbd7 11. Nxf7 Rf8 12. Bf4+ Kb6 13. Nd6 Nd5 14. Na4+
Kc7 15. Ne8+ Kd8 16. Nxg7 Nxf4 17. gxf4 Bb4+ 18. Nc3 Nf6 19. e3 b5 20. Be2 Ke7
21. Nh5 Ne4 22. Rc1 Be6 23. O-O Bxc3 24. bxc3 Bxa2 25. Ng3 Rg8 26. Rfd1 Bd5 27.
c4 bxc4 28. Bxc4 h5 29. Bxd5 cxd5 30. Rxd5 Nf6 31. Re5+ Kf7 32. Rc7+ Kg6 33.
Rg5+ Kh6 34. Nf5# 1-0

[Event "Gibtelecom Festival 2010 - Masters"]
[Site "Gibraltar ENG"]
[Date "2010.02.01"]
[Round "7.88"]
[White "Obiamiwe, Paul"]
[Black "De Lillo, Michele"]
[Result "1-0"]
[WhiteElo "2046"]
[BlackElo "1934"]
[PlyCount "111"]
[EventDate "2010.01.26"]
[EventType "swiss"]
[EventRounds "10"]
[EventCountry "ENG"]
[Source "lmi"]
[SourceDate "2010.01.26"]

1. e4 e6 2. d4 d5 3. Nc3 Bb4 4. e5 c5 5. a3 Bxc3+ 6. bxc3 Qa5 7. Bd2 Ne7 8. Qg4
g6 9. h4 h5 10. Qf4 Bd7 11. Qf6 Rf8 12. Nh3 c4 13. Be2 Nbc6 14. Ng5 O-O-O 15.
Nxf7 Kb8 16. Qg7 Nf5 17. Qh7 Rc8 18. Nd6 Nxd6 19. exd6 Rcd8 20. Qxg6 Be8 21.
Qh6 Rg8 22. Bxh5 Bxh5 23. Qxh5 Rxd6 24. O-O Rd7 25. Qe2 Rdg7 26. g3 Qc7 27. Bg5
Qf7 28. Rae1 Rg6 29. Qe3 Ka8 30. f4 Ne7 31. h5 R6g7 32. g4 Nf5 33. Qxe6 Ng3 34.
Qxf7 Rxf7 35. Rf3 Ne4 36. Rxe4 dxe4 37. Re3 Re8 38. Kg2 Kb8 39. Kg3 Kc8 40. h6
Kd7 41. f5 Kc6 42. Kf4 Kd5 43. Bh4 b5 44. g5 Rh7 45. f6 a5 46. Be1 b4 47. cxb4
axb4 48. axb4 Kxd4 49. Bc3+ Kd5 50. g6 Rxh6 51. Kg5 Rh1 52. f7 Rg1+ 53. Kh6
Rh1+ 54. Kg7 Re7 55. Kg8 Re6 56. g7 1-0

[Event "Gibtelecom Festival 2010 - Masters"]
[Site "Gibraltar ENG"]
[Date "2010.02.01"]
[Round "7.89"]
[White "Hamer, Martyn"]
[Black "Winkler, Stefan"]
[Result "1-0"]
[WhiteElo "2039"]
[BlackElo "1916"]
[PlyCount "83"]
[EventDate "2010.01.26"]
[EventType "swiss"]
[EventRounds "10"]
[EventCountry "ENG"]
[Source "lmi"]
[SourceDate "2010.01.26"]

1. e4 e6 2. d4 d5 3. Nc3 Bb4 4. e5 c5 5. a3 Ba5 6. b4 cxd4 7. Nb5 Bc7 8. f4 Ne7
9. Bd3 Nbc6 10. Nf3 a6 11. Nbxd4 Bd7 12. O-O Bb6 13. Be3 Rc8 14. Qe2 Nxd4 15.
Nxd4 Nc6 16. Qf2 Nxd4 17. Bxd4 Bxd4 18. Qxd4 Qc7 19. f5 Qc3 20. Qg4 Qxe5 21.
Rae1 h5 22. Qg5 Qf6 23. Qxf6 gxf6 24. fxe6 fxe6 25. Rxf6 Ke7 26. Ref1 Rcf8 27.
Rxf8 Rxf8 28. Rxf8 Kxf8 29. c4 d4 30. Kf2 Bc6 31. Be2 h4 32. Bf3 Ke7 33. Bxc6
bxc6 34. Kf3 e5 35. Ke4 Ke6 36. a4 Kd6 37. g4 hxg3 38. hxg3 a5 39. bxa5 Kc5 40.
a6 Kb6 41. g4 Kxa6 42. g5 1-0

[Event "Gibtelecom Festival 2010 - Masters"]
[Site "Gibraltar ENG"]
[Date "2010.02.01"]
[Round "7.91"]
[White "Odeh, Kenneth"]
[Black "Sommerhalder, Eric"]
[Result "1-0"]
[WhiteElo "2012"]
[BlackElo "1899"]
[PlyCount "51"]
[EventDate "2010.01.26"]
[EventType "swiss"]
[EventRounds "10"]
[EventCountry "ENG"]
[Source "lmi"]
[SourceDate "2010.01.26"]

1. e4 c5 2. Nc3 d6 3. g3 g6 4. Bg2 Bg7 5. d3 e6 6. Be3 Nc6 7. Qd2 Nge7 8. Bh6
O-O 9. h4 Bxh6 10. Qxh6 Kh8 11. h5 Ng8 12. Qd2 Rb8 13. Nf3 b5 14. Ne2 Qf6 15.
O-O-O e5 16. Nc3 Qd8 17. hxg6 fxg6 18. Ng5 Nf6 19. Rh6 Qa5 20. Nxh7 Nxh7 21.
Rxh7+ Kxh7 22. Rh1+ Kg7 23. Qh6+ Kf7 24. Qh7+ Ke8 25. Qxg6+ Kd8 26. Qxd6+ 1-0

[Event "Gibtelecom Festival 2010 - Masters"]
[Site "Gibraltar ENG"]
[Date "2010.02.01"]
[Round "7.93"]
[White "Kympergr, Vojtech"]
[Black "Campbell, Ian"]
[Result "1-0"]
[WhiteElo "1599"]
[BlackElo "2002"]
[PlyCount "81"]
[EventDate "2010.01.26"]
[EventType "swiss"]
[EventRounds "10"]
[EventCountry "ENG"]
[Source "lmi"]
[SourceDate "2010.01.26"]

1. e4 g6 2. d4 Bg7 3. c4 d6 4. Nc3 f5 5. Bg5 Nc6 6. Nf3 fxe4 7. Nxe4 Nf6 8.
Nxf6+ exf6 9. Qe2+ Kf7 10. Be3 Re8 11. O-O-O Bf5 12. Qd2 a6 13. d5 Ne5 14. Nd4
Bd7 15. h3 Kg8 16. f4 Nf7 17. g4 b5 18. cxb5 axb5 19. b3 Qb8 20. Rh2 Qb7 21.
Bg2 Qa7 22. Bf3 Qa3+ 23. Kb1 Rac8 24. f5 Ne5 25. Be2 Rb8 26. Ne6 Rb7 27. Rc1 c5
28. dxc6 Bxc6 29. Ka1 Be4 30. Qb2 Qxb2+ 31. Kxb2 gxf5 32. gxf5 Bxf5 33. Rc7
Reb8 34. Nxg7 Rxc7 35. Nxf5 Rd7 36. Rg2+ Kf7 37. Rg7+ Ke6 38. Nd4+ Kd5 39. Rxd7
Nxd7 40. Bf3+ Ke5 41. Nc6+ 1-0

[Event "Gibtelecom Festival 2010 - Masters"]
[Site "Gibraltar ENG"]
[Date "2010.02.01"]
[Round "7.95"]
[White "Mikalsen, Erlend"]
[Black "Chidi, Lovinia Sylvia"]
[Result "1-0"]
[WhiteElo "1973"]
[BlackElo "1832"]
[PlyCount "49"]
[EventDate "2010.01.26"]
[EventType "swiss"]
[EventRounds "10"]
[EventCountry "ENG"]
[Source "lmi"]
[SourceDate "2010.01.26"]

1. e4 c5 2. Nf3 d6 3. d4 cxd4 4. Nxd4 Nf6 5. Nc3 a6 6. Be2 e5 7. Nb3 Be6 8. g4
h6 9. Be3 Qc7 10. f3 Be7 11. Qd2 Nbd7 12. h4 O-O-O 13. O-O-O Bxb3 14. axb3 Nc5
15. g5 hxg5 16. hxg5 Nfd7 17. Kb1 Nb6 18. b4 Ne6 19. Bxb6 Qxb6 20. Nd5 Qa7 21.
Nxe7+ Kb8 22. Rxh8 Rxh8 23. Qxd6+ Ka8 24. Nd5 Rd8 25. Nb6+ 1-0

[Event "Gibtelecom Festival 2010 - Masters"]
[Site "Gibraltar ENG"]
[Date "2010.02.01"]
[Round "7.96"]
[White "Andersen, Niels Erik"]
[Black "Fox, Pierre"]
[Result "1-0"]
[WhiteElo "1965"]
[BlackElo "1788"]
[PlyCount "87"]
[EventDate "2010.01.26"]
[EventType "swiss"]
[EventRounds "10"]
[EventCountry "ENG"]
[Source "lmi"]
[SourceDate "2010.01.26"]

1. d4 d5 2. Nf3 Nf6 3. Bf4 c5 4. c3 Qb6 5. Qc2 Nc6 6. e3 Bf5 7. Qc1 h6 8. Nbd2
e6 9. Be2 Be7 10. O-O a5 11. dxc5 Bxc5 12. Nb3 O-O 13. Nxc5 Qxc5 14. Nd4 Be4
15. Bg3 a4 16. f3 Bh7 17. Qd2 Nh5 18. Bf2 Ne5 19. b3 Nf6 20. Bg3 Ned7 21. Rfc1
axb3 22. axb3 Nb6 23. Bf2 Qe7 24. Qb2 e5 25. Nb5 Bf5 26. e4 dxe4 27. Bxb6 exf3
28. Bxf3 e4 29. Be2 Qe5 30. Bd4 Qf4 31. Rf1 Rxa1 32. Qxa1 Qg5 33. Qc1 Qg6 34.
Qf4 Bd7 35. Bxf6 Bxb5 36. Bxb5 gxf6 37. Qxf6 Qh5 38. Bc4 b5 39. Rf5 Qd1+ 40.
Bf1 Kh7 41. Rf4 e3 42. Qf5+ Kh8 43. Rg4 Qd6 44. Bd3 1-0

[Event "Gibtelecom Festival 2010 - Masters"]
[Site "Gibraltar ENG"]
[Date "2010.02.01"]
[Round "7.98"]
[White "Boesch, Heinz"]
[Black "Hansen, Erle Andrea Marki"]
[Result "1/2-1/2"]
[WhiteElo "1948"]
[BlackElo "1699"]
[PlyCount "48"]
[EventDate "2010.01.26"]
[EventType "swiss"]
[EventRounds "10"]
[EventCountry "ENG"]
[Source "lmi"]
[SourceDate "2010.01.26"]

1. e4 c5 2. d4 cxd4 3. c3 dxc3 4. Nxc3 e6 5. Bc4 Nc6 6. Nf3 d6 7. O-O Be7 8.
Qe2 e5 9. h3 Nf6 10. Rd1 a6 11. Be3 O-O 12. a3 Be6 13. Bxe6 fxe6 14. Qc4 Qc8
15. Rac1 Nd4 16. Rxd4 exd4 17. Qxd4 e5 18. Qb6 Qd7 19. Qb3+ Kh8 20. Rd1 Qc6 21.
Qe6 Qd7 22. Qb3 Qc6 23. Qe6 Qd7 24. Qb3 Qc6 1/2-1/2

[Event "Gibtelecom Festival 2010 - Masters"]
[Site "Gibraltar ENG"]
[Date "2010.02.01"]
[Round "7.99"]
[White "Royset, Paal"]
[Black "Green, Per"]
[Result "1-0"]
[WhiteElo "2279"]
[BlackElo "1970"]
[PlyCount "63"]
[EventDate "2010.01.26"]
[EventType "swiss"]
[EventRounds "10"]
[EventCountry "ENG"]
[Source "lmi"]
[SourceDate "2010.01.26"]

1. e4 e6 2. d4 d5 3. exd5 exd5 4. c4 Bb4+ 5. Nc3 Ne7 6. Bd3 dxc4 7. Bxc4 O-O 8.
Nge2 Nd7 9. O-O Nb6 10. Bb3 c6 11. Bg5 Qd7 12. Ne4 Nbd5 13. Qc2 h6 14. Be3 Qf5
15. a3 Ba5 16. Rad1 Bc7 17. Bc1 Be6 18. f3 Rad8 19. Bc4 Qh5 20. N2g3 Qh4 21.
Rfe1 Bc8 22. Ba2 Kh8 23. Nf1 Bb6 24. g3 Qh5 25. Qf2 Qg6 26. Bb1 f5 27. Nc5 Qf6
28. Nd2 Bc7 29. Nc4 Nb6 30. Ne5 Bxe5 31. dxe5 Rxd1 32. exf6 1-0

[Event "Gibtelecom Festival 2010 - Masters"]
[Site "Gibraltar ENG"]
[Date "2010.02.01"]
[Round "7.102"]
[White "Yarur Elsaca, Daniel"]
[Black "Rough, Robert E"]
[Result "0-1"]
[WhiteElo "1815"]
[BlackElo "1811"]
[PlyCount "62"]
[EventDate "2010.01.26"]
[EventType "swiss"]
[EventRounds "10"]
[EventCountry "ENG"]
[Source "lmi"]
[SourceDate "2010.01.26"]

1. e4 e5 2. f4 d5 3. exd5 e4 4. Nc3 Nf6 5. d3 Bf5 6. Qe2 Bb4 7. Bd2 Bxc3 8.
Bxc3 O-O 9. Bxf6 Qxf6 10. dxe4 Qxb2 11. Rd1 Re8 12. e5 Bxc2 13. Nf3 Qb4+ 14.
Rd2 Ba4 15. Qd3 Qxf4 16. Be2 h6 17. O-O Nd7 18. g3 Qb4 19. Qe3 Qb6 20. Rd4 Bb5
21. Rb1 a6 22. a4 Qg6 23. Re1 Bxe2 24. Qxe2 Re7 25. Re4 Rae8 26. Kg2 Nf6 27.
Rd4 Nd7 28. Re4 Nf6 29. Rd4 Nd7 30. Nh4 Qg5 31. Rg4 Qxe5 0-1

[Event "Gibtelecom Festival 2010 - Masters"]
[Site "Gibraltar ENG"]
[Date "2010.02.02"]
[Round "8.4"]
[White "Halkias, Stelios"]
[Black "Fressinet, Laurent"]
[Result "1/2-1/2"]
[WhiteElo "2566"]
[BlackElo "2670"]
[PlyCount "65"]
[EventDate "2010.01.26"]
[EventType "swiss"]
[EventRounds "10"]
[EventCountry "ENG"]
[Source "lmi"]
[SourceDate "2010.01.26"]

1. d4 Nf6 2. Nf3 d5 3. c4 e6 4. Nc3 Bb4 5. Qa4+ Nc6 6. e3 O-O 7. Qc2 dxc4 8.
Bxc4 e5 9. dxe5 Ng4 10. O-O Ncxe5 11. Nxe5 Nxe5 12. Be2 c6 13. Rd1 Qe7 14. b3
Bg4 15. Bb2 Rfe8 16. h3 Bxe2 17. Nxe2 Ba3 18. Bc3 Rad8 19. Ng3 Bb4 20. Bb2 Qe6
21. Qe4 Ba5 22. Rxd8 Bxd8 23. Rd1 Bc7 24. Nf5 g6 25. Nh6+ Kg7 26. Qf4 f6 27.
Ng4 Re7 28. Qh6+ Kg8 29. Bxe5 Bxe5 30. Nxe5 Qxe5 31. Rd8+ Re8 32. Rd7 Re7 33.
Rd8+ 1/2-1/2

[Event "Gibtelecom Festival 2010 - Masters"]
[Site "Gibraltar ENG"]
[Date "2010.02.02"]
[Round "8.8"]
[White "Fridman, Daniel"]
[Black "Hoffmann, Michael"]
[Result "1/2-1/2"]
[WhiteElo "2654"]
[BlackElo "2508"]
[PlyCount "72"]
[EventDate "2010.01.26"]
[EventType "swiss"]
[EventRounds "10"]
[EventCountry "ENG"]
[Source "lmi"]
[SourceDate "2010.01.26"]

1. d4 d5 2. c4 c6 3. Nf3 Nf6 4. e3 Bf5 5. Nc3 e6 6. Nh4 Be4 7. f3 Bg6 8. Qb3
Qc7 9. Bd2 Be7 10. Nxg6 hxg6 11. O-O-O dxc4 12. Bxc4 b5 13. Bd3 a6 14. Ne4 Nbd7
15. Kb1 c5 16. dxc5 Nxc5 17. Qc2 Nfxe4 18. Bxe4 Rc8 19. Rc1 O-O 20. Bc3 Qb8 21.
Bd4 Nxe4 22. Qxe4 Rxc1+ 23. Kxc1 Bf6 24. Bxf6 gxf6 25. Qf4 Rc8+ 26. Kb1 Qb6 27.
Rc1 Rxc1+ 28. Kxc1 Kg7 29. Kd1 e5 30. Qe4 Qc5 31. Qd3 Qb4 32. Qd2 Qc4 33. b3
Qf1+ 34. Kc2 b4 35. Kb2 a5 36. e4 Kh7 1/2-1/2